Radio system design for telecommunications / (Record no. 215066)

000 -LEADER
fixed length control field 01721 a2200277 4500
003 - CONTROL NUMBER IDENTIFIER
control field Nust
005 - DATE AND TIME OF LATEST TRANSACTION
control field 20220819102014.0
010 ## - LIBRARY OF CONGRESS CONTROL NUMBER
LC control number 2006042354
020 ## - INTERNATIONAL STANDARD BOOK NUMBER
International Standard Book Number 9780471757139 (hbk.)
035 ## - SYSTEM CONTROL NUMBER
System control number (OCoLC)64453532
035 ## - SYSTEM CONTROL NUMBER
System control number (OCoLC)ocm64453532
040 ## - CATALOGING SOURCE
Transcribing agency Nust
082 00 - DEWEY DECIMAL CLASSIFICATION NUMBER
Classification number 621.38415,FRE
100 1# - MAIN ENTRY--PERSONAL NAME
Personal name Freeman, Roger L.
9 (RLIN) 57174
245 10 - TITLE STATEMENT
Title Radio system design for telecommunications /
Statement of responsibility, etc. Roger L. Freeman.
250 ## - EDITION STATEMENT
Edition statement 3rd ed.
260 ## - PUBLICATION, DISTRIBUTION, ETC.
Place of publication, distribution, etc. New York :
Name of publisher, distributor, etc. IEEE ;
Place of publication, distribution, etc. Hoboken, N.J. :
Name of publisher, distributor, etc. Wiley-Interscience,
Date of publication, distribution, etc. c2007.
300 ## - PHYSICAL DESCRIPTION
Extent xxv, 880 p. :
Other physical details ill. ;
Dimensions 25 cm.
440 #0 - SERIES STATEMENT/ADDED ENTRY--TITLE
Title Wiley series in telecommunications and signal processing
9 (RLIN) 728
505 ## - FORMATTED CONTENTS NOTE
Formatted contents note Radio Propagation (Page-1), Line of Sight Microwave Radio links (Page-37), Digital Line of Sight Microwave Radio links (Page-133), Forward Error Correction and Advanced Digital Waveforms (Page-175), Over The Horizon Radio links (Page-219), Basic Principles of Satellite Communication (Page-305), Digital Communication by Satellite (Page-381), Very Small Aperture Terminals (Page-439), Radio System Design above 10ghz (Page-463), Mobile Communication (Page-503), Wireless LANs (Page-561), HF Transmission Links (Page-573), Meteor Burst Comm. (Page-657), Interference Issues in Radio Comm. (Page-691), Radio Terminal Design Considerations (Page-721).
650 #0 - SUBJECT ADDED ENTRY--TOPICAL TERM
Topical term or geographic name entry element Radio relay systems
General subdivision Design and construction.
9 (RLIN) 98205
856 42 - ELECTRONIC LOCATION AND ACCESS
Materials specified Contributor biographical information
Uniform Resource Identifier <a href="http://www.loc.gov/catdir/enhancements/fy0826/2006042354-b.html">http://www.loc.gov/catdir/enhancements/fy0826/2006042354-b.html</a>
856 42 - ELECTRONIC LOCATION AND ACCESS
Materials specified Publisher description
Uniform Resource Identifier <a href="http://www.loc.gov/catdir/enhancements/fy0826/2006042354-d.html">http://www.loc.gov/catdir/enhancements/fy0826/2006042354-d.html</a>
856 42 - ELECTRONIC LOCATION AND ACCESS
Materials specified Table of contents only
Uniform Resource Identifier <a href="http://www.loc.gov/catdir/enhancements/fy0826/2006042354-t.html">http://www.loc.gov/catdir/enhancements/fy0826/2006042354-t.html</a>
942 ## - ADDED ENTRY ELEMENTS (KOHA)
Koha item type Reference
Source of classification or shelving scheme
Holdings
Withdrawn status Lost status Source of classification or shelving scheme Damaged status Not for loan Permanent Location Current Location Shelving location Date acquired Full call number Barcode Date last seen Price effective from Koha item type Public note
          Military College of Signals (MCS) Military College of Signals (MCS) Reference 12/12/2016 621.38415,FRE MCS35946 12/08/2016 12/12/2016 Reference Almirah No.23, Shelf No.3
© 2023 Central Library, National University of Sciences and Technology. All Rights Reserved.